| 000 | 00764cab a22002175a 4500 | ||
|---|---|---|---|
| 001 | L158748 | ||
| 008 | 150113e2015 xxk 000 0 eng d | ||
| 035 | _a(Sirsi) u158748 | ||
| 041 | 0 | _aeng | |
| 100 | 1 | _aRichards, John | |
| 245 | 0 | 0 |
_aLegacy of exposure _h[electronic resource] |
| 260 | _c2015 | ||
| 490 |
_aRICS Building Surveying Journal _vJuly 2015- August 2015, 10-11 (2) |
||
| 520 | _aLooks at the factors to take into account when assessing asbestos risk. | ||
| 650 | 2 | 4 | _aASBESTOS REMOVAL |
| 650 | 2 | 4 | _aBUILT ENVIRONMENT-BUILDING PATHOLOGY |
| 651 | 4 |
_aUnited Kingdom _y |
|
| 690 |
_aHealth and safety _96244 |
||
| 856 | 4 | 0 |
_uhttps://www.rics.org/Global/Building_Surveying_Journal_July_August_2015.pdf _zView the article at www.rics.org |
| 942 | _n0 | ||
| 999 |
_c84682 _d84682 |
||